|
|
|
|
| LEADER |
00000ngm a22000007i 4500 |
| 001 |
IT\ICCU\MOD\0856154 |
| 003 |
ItRI |
| 005 |
20260124182843.0 |
| 008 |
040421s2004 it |||||||||||||||k|||||c |
| 024 |
3 |
1 |
|a 8010312050206
|
| 028 |
4 |
2 |
|a 26683DR
|b versione noleggio
|
| 028 |
4 |
2 |
|a 26683DS
|
| 040 |
|
|
|b ita
|
| 041 |
|
7 |
|a ita
|a eng
|2 ISO-639-2
|
| 082 |
|
|
|a 791.43
|9 CINEMA
|2 12
|
| 130 |
0 |
|
|a Elephant <film ; 2003>
|3 IT\ICCU\RAV\1217249
|
| 245 |
0 |
0 |
|a Elephant /
|c un film di Gus Van Sant ;[musiche non originali di Ludwig van Beethoven]. - Milano : Twentieth Century Fox home entertainment [distributore], [2004].
|
| 260 |
|
|
|a 1 DVD
|e (78 min.) :
|f sonoro (Dolby digital 5.1, 2.0 surround)
|
| 500 |
|
|
|a Codice area: 2; sistema e formato video 1.78:1, 16:9
|
| 500 |
|
|
|a Tit. del contenitore
|
| 500 |
|
|
|a Ripr. del film del 2003, prod. Usa
|
| 500 |
|
|
|a [interpreti: Timothy Bottoms, Matt Malloy, Eric Deulen]
|
| 500 |
|
|
|a Palma d'oro, Cannes 2003
|
| 500 |
|
|
|a Lingue: italiano, inglese; sottotitoli: italiano
|
| 500 |
|
|
|a Contenuti speciali: dietro le quinte; speciale su Elephant, in collaborazione con Coming Soon Tv; trailer
|
| 500 |
|
|
|a Vietato ai minori di 14 anni.
|
| 700 |
1 |
|
|a Beethoven, Ludwig : van
|0 IT\ICCU\CFIV\005324
|4 cmp
|
| 700 |
1 |
|
|a Bottoms, Timothy
|0 IT\ICCU\RAVV\089019
|4 act
|
| 700 |
1 |
|
|a Van Sant, Gus
|0 IT\ICCU\RAVV\095105
|4 drt
|
| 700 |
1 |
|
|a Deulen, Eric
|0 IT\ICCU\RAVV\439757
|4 act
|
| 700 |
1 |
|
|a Malloy, Matt
|0 IT\ICCU\UBOV\489510
|4 act
|
| 790 |
1 |
|
|a Beethoven, Ludovic : van
|3 IT\ICCU\BVEV\271489
|z Beethoven, Ludwig : van
|
| 790 |
1 |
|
|a Beethoven, Ludvig : van
|3 IT\ICCU\CFIV\146894
|z Beethoven, Ludwig : van
|
| 790 |
1 |
|
|a Beethoven, Ludwig van
|3 IT\ICCU\TO0V\620974
|z Beethoven, Ludwig : van
|
| 790 |
1 |
|
|a Sant, Gus : van
|3 IT\ICCU\MILV\292249
|z Van Sant, Gus
|
| 942 |
|
|
|2 ddc
|c VM
|n 0
|
| 952 |
|
|
|0 0
|1 0
|4 0
|6 VO_1028_000000000000000
|7 0
|9 27013
|a BO
|b BO
|d 2026-01-24
|i 8268
|l 0
|o VO 1028
|p BO8268
|r 2026-01-24 18:28:43
|w 2026-01-24
|x [Sebina 5] [1 DVD]
|y VM
|z 1 DVD
|
| 999 |
|
|
|c 22855
|d 22855
|